Attendance by Officials of International Agencies at Fund Training.

On September 3, 2010, the Executive Board authorized the Managing Director to approve training to officials of international agencies.

التفاصيل البيبلوغرافية
مؤلف مشترك: International Monetary Fund
التنسيق: دورية
اللغة:English
منشور في: Washington, D.C. : International Monetary Fund, 2019.
سلاسل:Policy Papers; Policy Paper ; No. 2019/043
الموضوعات:
الوصول للمادة أونلاين:Full text available on IMF
LEADER 01375cas a2200313 a 4500
001 AALejournalIMF021086
008 230101c9999 xx r poo 0 0eng d
020 |c 5.00 USD 
020 |z 9781513549743 
022 |a 2663-3493 
040 |a BD-DhAAL  |c BD-DhAAL 
110 2 |a International Monetary Fund. 
245 1 0 |a Attendance by Officials of International Agencies at Fund Training. 
264 1 |a Washington, D.C. :  |b International Monetary Fund,  |c 2019. 
300 |a 1 online resource (7 pages) 
490 1 |a Policy Papers 
500 |a <strong>Off-Campus Access:</strong> No User ID or Password Required 
500 |a <strong>On-Campus Access:</strong> No User ID or Password Required 
506 |a Electronic access restricted to authorized BRAC University faculty, staff and students 
520 3 |a On September 3, 2010, the Executive Board authorized the Managing Director to approve training to officials of international agencies. 
538 |a Mode of access: Internet 
650 7 |a Agency  |2 imf 
650 7 |a Financial Institutions and Services  |2 imf 
650 7 |a Fund Training  |2 imf 
650 7 |a PP  |2 imf 
650 7 |a Training  |2 imf 
651 7 |a Dominican Republic  |2 imf 
830 0 |a Policy Papers; Policy Paper ;  |v No. 2019/043 
856 4 0 |z Full text available on IMF  |u http://elibrary.imf.org/view/journals/007/2019/043/007.2019.issue-043-en.xml  |z IMF e-Library